00458nam a2200181Ia 450000500170000000800410001702000180005804100080007608200190008410000200010324500610012325000120018426000340019630000090023050000090023965000080024870000200025620230427145157.0230125s9999 xx 000 0 und d a9789386668578 aeng a346.00469bNIT aNithyananda K V aIntellectual Property Rights : Protection And Management a1st Ed. c2019bCengage LearningaIndia a371p aIPR  aIPR aNithyananda K V